Click the country based area & population - Oceania - Statistics

General Stats
  • This quiz has been taken 13 times
  • The average score is 8 of 14
Answers on the Map
Answers color-coded by a green-red scale on the quiz's map according to % correct below.
 
Answer Stats
Answer % Correct
11,7M - 462,8k
100%
27,1M - 7741,2k
100%
10,6k - 26
80%
11,6k - 21
80%
900,8k - 18,2k
80%
321,4k - 12,1k
60%
42,4k - 181
60%
5,3M - 268,8k
60%
120,7k - 811
40%
16,7k - 459
40%
750,3k - 28,8k
40%
100,1k - 747
20%
105,7k - 702
20%
205,5k - 2,8k
20%
No matching quizzes found
Score Distribution
Percent of People with Each Score
Percentile by Number Answered
Your Score History
You have not taken this quiz